000 00468nam a2200157 i 4500
001 63201
003 ES-MaACL
005 20230906164815.0
007 t|
008 031202s1902 sp ||||1| spa d
100 1 _aFerrando Más, Pedro.
_950290
245 1 3 _aLa ley de la derivación y las teorías sobre la constitución de los cristales /
_cPedro Ferrando Más.
260 _aMadrid :
_b[s.n.,
_c1902]
502 _aTesis doctoral.
852 _aES-MaACL
_jT-1018-F-1
999 _c63201
_d63201